000 00548nam a2200193 a 4500
001 12974
003 CO-ViMGA
008 141112s2004 ck r 000 u spa d
020 _a8475309445
040 _aCO-ViMGA
_bspa
_cCO-ViMGA
082 0 4 _a944.04 S61r2
100 1 _aSoboul, Albert
_914682
245 1 0 _aLa Revolución Francesa
260 _aArgentina :
_bOrbis,
_c1981
300 _a155p.
650 1 4 _aFRANCIA - HISTORIA - REVOLUCION - 1795 - 1799
_918915
650 1 4 _aFRANCIA - Política Y GOBIERNO - SIGLO XVIII
_918916
942 _2ddc
_cBK
999 _c23873
_d23873